1998 1502 1097 1352 1307 1109 1998 1326 1246 1641 1071 1532 1401 1694 1703 1819 1137 1218 1360 1299 1077 1366 1438 1084 1615 1779 1014 1204 1890 1467 1230 1293 1606 1602 1080 1633 1309 1231 1692 1431 1041 1994 1522 1471 1096 1003 1223 1694 1808 1795 1196 1045 1426 1252 1593 1424 1894 1690 1615 1827 1098 1037 1127 1150 1027 1823 1372 1729 1145 1915 1665 1372 1756 1975 1222 1082 1632 1643 1852 1695 1738 1102 1385 1908 1813 1268 1161 1036 1702 1288 1813 1245 1491 1204 1682 1222 1416 1530 1156 BCNSPRNW ULIB Ver.6.0+V

เปลี่ยนเป็นภาษาไทย

Change to English
 แสดงรายละเอียดบรรณานุกรม
  กลับหน้าหลัก

Brief Record : Get Marc (ISO 2709) : E-mail record : QR code < ปิดหน้าต่าง
LEADER : 00000nam 2200000uu 4500
001    13399128356
003     ULIB
008    230620s2565||||th 000 0 tha d
020    ^a9786165868310
060 04 ^aWY160^bพ646ก
100 0  ^aพิชามญชุ์ อินทะพุฒ
245 10 ^aการดูแลญาติผู้ดูแลผู้ที่เป็นโรคจิตเภท : ความท้าทายสำหรับพยาบาลจิตเวช =^bCaring for family caregivers of persons withschizophrenia : the challenge for psychiatric nurse /^cพิชามญชุ์ อินทะพุฒ
246 31 ^aCaring for family caregivers of persons with schizophrenia: the challenge for psychiatric nurse
250    ^aพิมพ์ครั้งที่ 2
260    ^aเชียงใหม่ :^bวนิดาการพิมพ์,^c2565
300    ^a246 หน้า :^bภาพประกอบ ;^c26 ซม.
650  4 ^aการพยาบาลจิตเวชศาสตร์
650  4 ^aผู้ป่วยจิตเภท^xการดูแล
710 2  ^aมหาวิทยาลัยบูรพา.^bคณะพยาบาลศาสตร์
945    ^p320^l0^i009766
945    ^p320^l0^i009767
945    ^p320^l0^i009768
999    ^aประนอม เกษจรัล
รายการนี้ยังไม่มีแท็ก
คุณยังไม่ได้ล็อกอิน คุณสามารถมีกิจกรรมร่วมกับเว็บไซต์ได้ แต่ต้องล็อกอินก่อน ::
  ล็อกอิน

รายการสื่อสารสนเทศ

ลำดับที่ ประเภท เลขเรียก/บาร์โค้ด สถานที่ สถานะ
1. Book การพยาบาล
Book การพยาบาล
WY160 พ646ก ฉ.1 
  Barcode: 009766
ห้องสมุดวิทยาเขตสวรรค์ประชารักษ์
►หนังสือทั่วไป
บนชั้น
2. Book การพยาบาล
Book การพยาบาล
WY160 พ646ก ฉ.2 
  Barcode: 009767
ห้องสมุดวิทยาเขตสวรรค์ประชารักษ์
►หนังสือทั่วไป
บนชั้น
3. Book การพยาบาล
Book การพยาบาล
WY160 พ646ก ฉ.3 
  Barcode: 009768
ห้องสมุดวิทยาเขตสวรรค์ประชารักษ์
►หนังสือทั่วไป
บนชั้น

รายการใกล้เคียง
    ผู้แต่ง [พิชามญชุ์ อินทะพุฒ]

    หัวเรื่อง [การพยาบาลจิตเวชศาสตร์]

BibComment


ยังไม่เคยถูกคอมเมนท์

คอมเมนท์ทรัพยากรรายการนี้
  คอมเมนท์: การดูแลญาติผู้ดู..


 Copyright 2026. Bcnsprnw @Library